000 00673nam a2200241Ia 4500
003 OSt
005 20221005130140.0
006 a|||||r|||| 00| 0
007 ta
008 221004b |||||||| |||| 00| 0 per d
024 _a8702
037 _cTextual
040 _aCRL
_cCRL
_bper
041 _2per
_aper
082 _aV241xE00,1, 164K0
100 _aMulah Shah Mohammad Shahabadi Au.
_9637660
245 0 _aRaj tarnigeeni
_b tareekh-e-Kashmir
260 _c1960
300 _a520p.
_ccm.
650 _aKAUSAMBI - HISTORY
_9606329
942 _hV241xE00,1, 164K0
_cTEXL
_2cc
999 _c1056239
_d1056239